[Event "Titled Tuesday intern op 6th June"]
[Site "Chess.com INT"]
[Date "2020.06.02"]
[Round "10"]
[White "Leveikina, Jevgenija"]
[Black "Gochelashvili, David"]
[Result "0-1"]
[WhiteElo "2067"]
[BlackElo "2403"]
[PlyCount "60"]
[EventDate "2020.06.02"]
[EventType "swiss (blitz)"]
[EventRounds "10"]
[EventCountry "USA"]
[SourceTitle "CBM 196 Extra"]
[Source "ChessBase"]
[SourceDate "2020.07.31"]
[SourceVersion "1"]
[SourceVersionDate "2020.07.31"]
[SourceQuality "1"]

1. d4 g6 2. Nf3 Bg7 3. g3 d6 4. Bg2 Nf6 5. 0-0 0-0 6. c3 Nbd7 7. Nbd2 e5 8. dxe5 dxe5 9. Nc4 e4 10. Nd4 Re8 11. b3 Nb6 12. Ne3 c6 13. Bb2 h5 14. c4 h4 15. c5 Nbd5 16. Nc4 hxg3 17. hxg3 Ng4 18. e3 Qg5 19. Nd6 Qh5 20. Re1 Qh2+ 21. Kf1 Ngxe3+ 22. fxe3 Bh3 23. Bxh3 Qxh3+ 24. Kf2 Qh2+ 25. Kf1 Qxb2 26. Nxe8 Rxe8 27. Qe2 Nxe3+ 28. Qxe3 Bxd4 29. Qe2 Qxe2+ 30. Rxe2 Bxa1 0-1

[Event "Titled Tuesday intern op 12th May"]
[Site "Chess.com INT"]
[Date "2020.05.12"]
[Round "6"]
[White "Atanasov, Anthony"]
[Black "Leveikina, Jevgenija"]
[Result "1-0"]
[WhiteElo "2205"]
[BlackElo "2067"]
[PlyCount "79"]
[EventDate "2020.05.12"]
[EventType "swiss (blitz)"]
[EventRounds "10"]
[EventCountry "USA"]
[SourceTitle "EXT 2021"]
[Source "ChessBase"]
[SourceDate "2020.10.23"]
[SourceVersion "1"]
[SourceVersionDate "2020.10.23"]
[SourceQuality "1"]

1. d4 c6 2. Bf4 d5 3. e3 Nf6 4. Nf3 Bf5 5. Nbd2 e6 6. c3 Nbd7 7. Qb3 Qb6 8. h3 h6 9. Nh4 Bh7 10. Bh2 Be7 11. Nhf3 0-0 12. Ne5 Nxe5 13. Bxe5 Nd7 14. Bg3 Bf6 15. Be2 e5 16. 0-0 Rfe8 17. Rfe1 Rad8 18. a4 Qxb3 19. Nxb3 exd4 20. cxd4 Nb8 21. a5 Be7 22. Nc5 Bxc5 23. dxc5 Nd7 24. Bd6 Ne5 25. a6 b5 26. b4 Nd3 27. Reb1 Ne5 28. Rd1 Bg6 29. Rd4 Nc4 30. Bc7 Rd7 31. Bg3 Re4 32. Rad1 Rxd4 33. Rxd4 Kf8 34. Bg4 Rd8 35. Bf3 Rd7 36. h4 h5 37. Bf4 Ke7 38. g4 hxg4 39. Bxg4 Be4 40. Bxd7 1-0

[Event "Titled Tuesday intern op 12th May"]
[Site "Chess.com INT"]
[Date "2020.05.12"]
[Round "4"]
[White "Markidis, Konstantinos"]
[Black "Leveikina, Jevgenija"]
[Result "1-0"]
[WhiteElo "2148"]
[BlackElo "2067"]
[PlyCount "97"]
[EventDate "2020.05.12"]
[EventType "swiss (blitz)"]
[EventRounds "10"]
[EventCountry "USA"]
[SourceTitle "EXT 2021"]
[Source "ChessBase"]
[SourceDate "2020.10.23"]
[SourceVersion "1"]
[SourceVersionDate "2020.10.23"]
[SourceQuality "1"]

1. e4 c6 2. d4 d5 3. exd5 cxd5 4. Bd3 Nf6 5. h3 Nc6 6. c3 g6 7. Nf3 Bf5 8. Be2 Bg7 9. 0-0 0-0 10. Be3 Qd7 11. Bf4 a6 12. Nbd2 b5 13. Nb3 Rfc8 14. Nc5 Qe8 15. a4 Na5 16. axb5 axb5 17. Re1 Nc4 18. b3 Rxa1 19. Qxa1 Ra8 20. Qd1 Nb6 21. Qd2 Ne4 22. Nxe4 Bxe4 23. Ng5 b4 24. c4 e5 25. dxe5 Bxe5 26. Nxe4 dxe4 27. Bf1 Bc3 28. Qc1 Bxe1 29. Qxe1 Qe7 30. Qe3 Nd7 31. Kh2 Re8 32. Qd4 f6 33. Be2 Nc5 34. Qd5+ Ne6 35. Bg3 Kg7 36. c5 Qxc5 37. Qd7+ Re7 38. Qd2 e3 39. fxe3 Ng5 40. Bc4 Qxe3 41. Qxe3 Rxe3 42. Bd6 Ne4 43. Bxb4 f5 44. Ba5 f4 45. Bb6 Re1 46. g4 fxg3+ 47. Kg2 h5 48. h4 Rb1 49. Bd4+ 1-0

[Event "Titled Tuesday intern op 5th May"]
[Site "Chess.com INT"]
[Date "2020.05.05"]
[Round "4"]
[White "Leveikina, Jevgenija"]
[Black "Berthier"]
[Result "0-1"]
[WhiteElo "2067"]
[BlackElo "2186"]
[PlyCount "202"]
[EventDate "2020.05.05"]
[EventType "swiss (blitz)"]
[EventRounds "10"]
[EventCountry "USA"]
[SourceTitle "EXT 2021"]
[Source "ChessBase"]
[SourceDate "2020.10.23"]
[SourceVersion "1"]
[SourceVersionDate "2020.10.23"]
[SourceQuality "1"]

1. d4 Nf6 2. Nf3 d5 3. c4 e6 4. cxd5 exd5 5. Nc3 c6 6. Bg5 Be7 7. e3 Bf5 8. Bd3 Bxd3 9. Qxd3 Nbd7 10. 0-0 0-0 11. a3 a5 12. Rab1 Re8 13. b4 axb4 14. axb4 h6 15. Bxf6 Nxf6 16. b5 Bd6 17. Rfc1 Ne4 18. Ne2 Qd7 19. Ng3 Ra2 20. Rc2 Rea8 21. bxc6 bxc6 22. Ne5 Bxe5 23. dxe5 Nxg3 24. hxg3 Rxc2 25. Qxc2 Qe6 26. Rc1 Rc8 27. f4 g6 28. Qe2 h5 29. e4 d4 30. Rc5 Rd8 31. Qd3 Qd7 32. f5 Qe7 33. Rxc6 gxf5 34. exf5 Qxe5 35. Qf3 Qe3+ 36. Qxe3 dxe3 37. Kf1 Rd2 38. Rh6 Rf2+ 39. Ke1 Rxf5 40. Ke2 Rg5 41. Kxe3 Kg7 42. Rd6 Rxg3+ 43. Kf2 Rg4 44. Rd3 f6 45. Rd5 Kg6 46. Kf3 Rg5 47. Rd3 Ra5 48. g3 Kg5 49. Re3 Ra4 50. Rd3 Rb4 51. Re3 Rd4 52. Rc3 f5 53. Ra3 Re4 54. Rc3 Re1 55. Ra3 Rf1+ 56. Kg2 Rb1 57. Kf3 Rb2 58. Rd3 Rb4 59. Rc3 Rb1 60. Rd3 Rh1 61. Rc3 Kf6 62. Rc6+ Kg5 63. Rc3 h4 64. gxh4+ Rxh4 65. Kg3 Rg4+ 66. Kf3 Ra4 67. Rc8 Ra3+ 68. Kf2 Kg4 69. Rc4+ f4 70. Rc8 Ra2+ 71. Kf1 Kf3 72. Rc3+ Ke4 73. Rc4+ Ke3 74. Rc3+ Kd4 75. Rc8 Rb2 76. Rd8+ Ke4 77. Rc8 Rd2 78. Rc3 Rd4 79. Ra3 Rd2 80. Rb3 Kf5 81. Ra3 Rb2 82. Rc3 Kg4 83. Ra3 Rc2 84. Rd3 Rh2 85. Ra3 Rh1+ 86. Kg2 Rb1 87. Rc3 Rb2+ 88. Kf1 Rb4 89. Ra3 Re4 90. Rc3 Re5 91. Ra3 Re4 92. Kf2 Rb4 93. Rc3 Rb2+ 94. Kf1 Ra2 95. Rb3 f3 96. Rc3 Ra1+ 97. Kf2 Ra2+ 98. Kf1 Kg3 99. Rc1 Rh2 100. Kg1 f2+ 101. Kf1 Rh1+ 0-1

[Event "Titled Tuesday intern op 5th May"]
[Site "Chess.com INT"]
[Date "2020.05.05"]
[Round "9"]
[White "Leveikina, Jevgenija"]
[Black "Freitag, Manfred"]
[Result "0-1"]
[WhiteElo "2067"]
[BlackElo "2356"]
[PlyCount "38"]
[EventDate "2020.05.05"]
[EventType "swiss (blitz)"]
[EventRounds "10"]
[EventCountry "USA"]
[SourceTitle "EXT 2021"]
[Source "ChessBase"]
[SourceDate "2020.10.23"]
[SourceVersion "1"]
[SourceVersionDate "2020.10.23"]
[SourceQuality "1"]

1. d4 Nf6 2. Nf3 g6 3. g3 Bg7 4. Bg2 0-0 5. 0-0 c5 6. c3 d6 7. Nbd2 Nc6 8. a4 Bd7 9. Nc4 cxd4 10. cxd4 Rc8 11. b3 Na5 12. Qd3 Bf5 13. Qc3 b6 14. Qb4 Nd5 15. Qb5 Nc3 16. Qa6 Nxb3 17. Be3 Nxa1 18. Rxa1 Nxe2+ 19. Kh1 Bd3 0-1

[Event "Titled Tuesday intern op 14th April"]
[Site "Chess.com INT"]
[Date "2020.04.14"]
[Round "7"]
[White "Leveikina, Jevgenija"]
[Black "Grunberg, Mihai Lucian"]
[Result "1-0"]
[WhiteElo "2067"]
[BlackElo "2401"]
[PlyCount "49"]
[EventDate "2020.04.14"]
[EventType "swiss (blitz)"]
[EventRounds "10"]
[EventCountry "USA"]
[SourceTitle "EXT 2021"]
[Source "ChessBase"]
[SourceDate "2020.10.23"]
[SourceVersion "1"]
[SourceVersionDate "2020.10.23"]
[SourceQuality "1"]

1. d4 f5 2. Bg5 g6 3. e3 Bg7 4. Nf3 Nf6 5. h4 h6 6. Bxf6 Bxf6 7. c3 c6 8. Nbd2 0-0 9. Bd3 d5 10. Qc2 Bg7 11. h5 g5 12. Ne5 Bxe5 13. dxe5 e6 14. g4 fxg4 15. 0-0-0 Rxf2 16. Rdf1 g3 17. Rxf2 gxf2 18. Nf3 Qf8 19. Qxf2 Nd7 20. Qg3 Qg7 21. Bg6 Nc5 22. Nxg5 hxg5 23. Qxg5 Ne4 24. Qd8+ Qf8 25. Bh7+ 1-0

[Event "Titled Tuesday intern op 14th April"]
[Site "Chess.com INT"]
[Date "2020.04.14"]
[Round "9"]
[White "Skuhala, Jernej"]
[Black "Leveikina, Jevgenija"]
[Result "1-0"]
[WhiteElo "2163"]
[BlackElo "2067"]
[PlyCount "73"]
[EventDate "2020.04.14"]
[EventType "swiss (blitz)"]
[EventRounds "10"]
[EventCountry "USA"]
[SourceTitle "EXT 2021"]
[Source "ChessBase"]
[SourceDate "2020.10.23"]
[SourceVersion "1"]
[SourceVersionDate "2020.10.23"]
[SourceQuality "1"]

1. e4 c6 2. Nf3 d5 3. Nc3 Nf6 4. e5 Ne4 5. Bd3 Nc5 6. 0-0 Nxd3 7. cxd3 e6 8. d4 c5 9. dxc5 Bxc5 10. d4 Bb6 11. Be3 Nc6 12. a3 Bd7 13. Rc1 Ne7 14. Qd3 Nf5 15. b4 Rc8 16. a4 Rc4 17. a5 Bc7 18. Rb1 Qe7 19. Nd2 Rxb4 20. Rxb4 Qxb4 21. Rb1 Qxa5 22. Rxb7 Bd8 23. Nb3 Qa3 24. Rxd7 Kxd7 25. Nc5+ Ke8 26. g4 Nh4 27. Qb5+ Kf8 28. Qb8 Qa1+ 29. Nb1 Qa5 30. Bd2 Nf3+ 31. Kg2 Nxd2 32. Nxd2 g6 33. Nf3 Kg7 34. Qd6 Qc7 35. Qa6 Qb6 36. Qa4 Be7 37. Nd7 1-0

[Event "Titled Tuesday intern op 7th April"]
[Site "Chess.com INT"]
[Date "2020.04.07"]
[Round "4"]
[White "Leveikina, Jevgenija"]
[Black "Garcia De Dios, Jose Antonio"]
[Result "0-1"]
[WhiteElo "2067"]
[BlackElo "2206"]
[PlyCount "148"]
[EventDate "2020.04.07"]
[EventType "swiss (blitz)"]
[EventRounds "10"]
[EventCountry "USA"]
[SourceTitle "EXT 2021"]
[Source "ChessBase"]
[SourceDate "2020.10.23"]
[SourceVersion "1"]
[SourceVersionDate "2020.10.23"]
[SourceQuality "1"]

1. d4 Nf6 2. Nf3 d5 3. c4 e6 4. Nc3 b6 5. cxd5 exd5 6. Bg5 Bb7 7. e3 Nbd7 8. Bd3 Be7 9. 0-0 0-0 10. Rc1 a6 11. a3 g6 12. Qe2 Re8 13. Rfd1 Nf8 14. b4 Ne6 15. Bh4 a5 16. Rb1 axb4 17. axb4 Ne4 18. Bxe7 Nxc3 19. Bxd8 Nxe2+ 20. Bxe2 Rexd8 21. Ra1 f6 22. Rdc1 Kf7 23. Kf1 Ke7 24. Bd3 Kd6 25. Ke2 c5 26. bxc5+ bxc5 27. dxc5+ Nxc5 28. Nd4 Rxa1 29. Rxa1 Ra8 30. Rxa8 Bxa8 31. Kd2 Bc6 32. g3 Bd7 33. h4 f5 34. Bc2 Ke5 35. f4+ Kd6 36. Kc3 Be8 37. Kd2 Ke7 38. Kc3 Kf6 39. Nf3 Nd7 40. Kd4 Bf7 41. Bb3 Nb6 42. Ne5 Bg8 43. Kc5 Nc8 44. Bxd5 Bxd5 45. Kxd5 Ne7+ 46. Kd6 Nc8+ 47. Kd7 Nb6+ 48. Kc6 Na4 49. Kd5 Nc3+ 50. Kd4 Ne4 51. g4 Nf2 52. g5+ Ke7 53. Nc6+ Kf7 54. Ke5 Nd3+ 55. Kd4 Ne1 56. e4 Nf3+ 57. Kd5 Nxh4 58. exf5 Nxf5 59. Ne5+ Kg7 60. Ng4 Ng3 61. Nf6 Ne2 62. Ke5 Ng3 63. f5 Nxf5 64. Kf4 h6 65. Ne4 h5 66. Nc5 Ne7 67. Ne6+ Kf7 68. Nd4 Nd5+ 69. Ke5 Ne3 70. Ne6 Ng4+ 71. Kd5 h4 72. Nf4 Nf2 73. Kd4 h3 74. Ke3 h2 0-1

[Event "Titled Tuesday intern op 7th April"]
[Site "Chess.com INT"]
[Date "2020.04.07"]
[Round "5"]
[White "Terletsky, Oleg"]
[Black "Leveikina, Jevgenija"]
[Result "1-0"]
[WhiteElo "2307"]
[BlackElo "2067"]
[PlyCount "51"]
[EventDate "2020.04.07"]
[EventType "swiss (blitz)"]
[EventRounds "10"]
[EventCountry "USA"]
[SourceTitle "EXT 2021"]
[Source "ChessBase"]
[SourceDate "2020.10.23"]
[SourceVersion "1"]
[SourceVersionDate "2020.10.23"]
[SourceQuality "1"]

1. e4 c6 2. d4 d5 3. Nc3 dxe4 4. Nxe4 Nf6 5. Nxf6+ exf6 6. c3 Bd6 7. Bd3 Be6 8. Qc2 Qc7 9. Ne2 Nd7 10. c4 c5 11. d5 Bg4 12. Ng3 Ne5 13. h3 Bd7 14. Nf5 Bxf5 15. Bxf5 g6 16. Bd3 0-0-0 17. Be2 Rde8 18. 0-0 f5 19. Rb1 h6 20. a3 a5 21. Bd2 Kb8 22. b4 cxb4 23. axb4 axb4 24. Bxb4 Bxb4 25. Rxb4 Rc8 26. Rfb1 1-0

[Event "Titled Tuesday intern op 7th April"]
[Site "Chess.com INT"]
[Date "2020.04.07"]
[Round "6"]
[White "Yu, Jennifer R"]
[Black "Leveikina, Jevgenija"]
[Result "1-0"]
[WhiteElo "2315"]
[BlackElo "2067"]
[PlyCount "63"]
[EventDate "2020.04.07"]
[EventType "swiss (blitz)"]
[EventRounds "10"]
[EventCountry "USA"]
[SourceTitle "EXT 2021"]
[Source "ChessBase"]
[SourceDate "2020.10.23"]
[SourceVersion "1"]
[SourceVersionDate "2020.10.23"]
[SourceQuality "1"]

1. d4 c6 2. c4 d5 3. Nf3 Nf6 4. e3 Bg4 5. h3 Bh5 6. Nc3 e6 7. g4 Bg6 8. Ne5 Nfd7 9. Nxg6 hxg6 10. Bd2 Be7 11. Bg2 dxc4 12. a4 a5 13. Qe2 Nb6 14. f4 Bh4+ 15. Kf1 Be7 16. Rd1 Na6 17. e4 Nb4 18. Be3 Qc7 19. d5 exd5 20. exd5 0-0 21. d6 Bxd6 22. Bxb6 Qb8 23. f5 Re8 24. Qxc4 gxf5 25. gxf5 Bg3 26. Bf3 Qe5 27. Kg2 Bh4 28. Qxh4 c5 29. Rhe1 Qf6 30. Qxf6 gxf6 31. Rxe8+ Rxe8 32. Bxc5 1-0

[Event "Titled Tuesday intern op 3rd March"]
[Site "Chess.com INT"]
[Date "2020.03.03"]
[Round "4"]
[White "Baches Garcia, Guillermo"]
[Black "Leveikina, Jevgenija"]
[Result "1/2-1/2"]
[WhiteElo "2322"]
[BlackElo "2067"]
[PlyCount "37"]
[EventDate "2020.03.03"]
[EventType "swiss (blitz)"]
[EventRounds "10"]
[EventCountry "USA"]
[SourceTitle "EXT 2021"]
[Source "ChessBase"]
[SourceDate "2020.10.23"]
[SourceVersion "1"]
[SourceVersionDate "2020.10.23"]
[SourceQuality "1"]

1. e4 c6 2. c4 d5 3. exd5 cxd5 4. cxd5 Nf6 5. Nc3 Nxd5 6. Nf3 g6 7. Bc4 Nxc3 8. bxc3 Bg7 9. h4 h5 10. Qb3 0-0 11. Ng5 e6 12. Ba3 Re8 13. d4 Nc6 14. Bb5 Bd7 15. Qd1 a6 16. Bd3 Nxd4 17. 0-0 Nf5 18. Rb1 Bc6 19. Be4 1/2-1/2

[Event "Titled Tuesday intern op 4th Febr"]
[Site "Chess.com INT"]
[Date "2020.02.04"]
[Round "4"]
[White "Leveikina, Jevgenija"]
[Black "Mikhailovsky, Vladimir"]
[Result "0-1"]
[WhiteElo "2070"]
[BlackElo "2209"]
[PlyCount "72"]
[EventDate "2020.02.04"]
[EventType "swiss (blitz)"]
[EventRounds "10"]
[EventCountry "USA"]
[SourceTitle "EXT 2021"]
[Source "ChessBase"]
[SourceDate "2020.10.23"]
[SourceVersion "1"]
[SourceVersionDate "2020.10.23"]
[SourceQuality "1"]

1. d4 g6 2. Nf3 Bg7 3. g3 d6 4. Bg2 Nf6 5. 0-0 0-0 6. c3 Nbd7 7. Nbd2 e5 8. dxe5 dxe5 9. Nc4 Qe7 10. b3 Rd8 11. Ba3 Qe8 12. Qc2 Nd5 13. e4 N5b6 14. Ne3 Nf8 15. Rad1 Bd7 16. Nd5 Ne6 17. Ne7+ Kh8 18. Nd5 Bc6 19. c4 Nd7 20. Bh3 Bxd5 21. cxd5 Nd4 22. Nxd4 exd4 23. Qxc7 Rac8 24. Qxb7 Rc2 25. Rc1 Rxa2 26. Bxd7 Rxd7 27. Rc8 Rd8 28. Rfc1 Bf6 29. Rxd8 Bxd8 30. Bc5 d3 31. Bd4+ Kg8 32. Rd1 Qxe4 33. Qd7 Qxd4 34. Qxd8+ Kg7 35. d6 Qxf2+ 36. Kh1 Qg2# 0-1

[Event "GER-chT Betriebe 18th"]
[Site "Altenberg Zinnwald"]
[Date "2018.11.08"]
[Round "1.3"]
[White "Leveikina, Jevgenija"]
[Black "Quast, Michael1111"]
[Result "1/2-1/2"]
[WhiteElo "2110"]
[BlackElo "1801"]
[PlyCount "86"]
[EventDate "2018.11.08"]
[EventType "team-swiss"]
[EventRounds "7"]
[EventCountry "GER"]
[SourceTitle "EXT 2020"]
[Source "ChessBase"]
[SourceDate "2019.10.17"]
[SourceVersion "1"]
[SourceVersionDate "2019.10.17"]
[SourceQuality "1"]
[WhiteTeam "Herne Wanne Eickel EKJ"]
[BlackTeam "Berlin Tempelhof III"]
[WhiteTeamCountry "GER"]
[BlackTeamCountry "GER"]

1. d4 b6 2. Nf3 Bb7 3. Bf4 e6 4. e3 Nf6 5. Nbd2 d6 6. h3 h6 7. Bd3 Be7 8. 0-0 Nbd7 9. Bh2 g5 10. e4 g4 11. hxg4 Nxg4 12. Qe2 a5 13. Rad1 h5 14. e5 Rg8 15. Be4 Ba6 16. c4 d5 17. Bd3 Bg5 18. cxd5 Nxh2 19. Kxh2 Bxd2 20. Rxd2 Bb7 21. g3 Bxd5 22. Be4 Nf8 23. Rc2 Ra7 24. Nh4 Rg4 25. f3 Rxh4+ 26. gxh4 Qxh4+ 27. Kg1 Ng6 28. Bxg6 fxg6 29. Qe3 c6 30. Rh2 Qe7 31. Rg2 Qh7 32. b3 Rf7 33. Qd3 Rf5 34. Qa6 Qh6 35. Qd3 h4 36. Qd2 Qh5 37. Qe3 h3 38. Rg3 h2+ 39. Kh1 g5 40. Qf2 g4 41. Qxh2 Bxf3+ 42. Rfxf3 Qxh2+ 43. Kxh2 gxf3 1/2-1/2

[Event "BL2 West 1819 (Women)"]
[Site "Germany"]
[Date "2018.10.28"]
[Round "2.1"]
[White "Leveikina, Jevgenija"]
[Black "Michna, Marta"]
[Result "0-1"]
[WhiteElo "2110"]
[BlackElo "2329"]
[PlyCount "64"]
[EventDate "2018.10.27"]
[EventType "team-tourn"]
[EventRounds "7"]
[EventCountry "GER"]
[SourceTitle "CBM 190 Extra"]
[Source "ChessBase"]
[SourceDate "2019.07.15"]
[SourceVersion "1"]
[SourceVersionDate "2019.07.15"]
[SourceQuality "1"]
[WhiteTeam "Bochum Wattenscheid (W)"]
[BlackTeam "Kiel Doppelbauer (W)"]
[WhiteTeamCountry "GER"]
[BlackTeamCountry "GER"]

1. d4 d6 2. e4 Nf6 3. Nc3 Nc6 4. Nf3 Bg4 5. Be3 e5 6. d5 Ne7 7. Be2 Ng6 8. Nd2 Bd7 9. g3 Be7 10. h4 h5 11. f3 0-0 12. Bd3 c6 13. Qe2 Rc8 14. Qf2 b6 15. a4 cxd5 16. exd5 Rxc3 17. bxc3 Nxd5 18. c4 Nxe3 19. Qxe3 f5 20. Qe2 Bf6 21. Ra3 Qc7 22. Nb3 d5 23. cxd5 Qd6 24. Ra2 e4 25. Bb5 Qxg3+ 26. Qf2 Qd6 27. Bxd7 Qxd7 28. fxe4 fxe4 29. Qe2 Qxd5 30. c4 Bc3+ 31. Nd2 Qd4 32. Qxh5 Nf4 0-1